LIBRARY & INFORMATION CENTRE, KCAET, TAVANUR

ONLINE PUBLIC ACCESS CATALOGUE (OPAC)

Food process engineering and technology (Record no. 13769)

MARC details
000 -LEADER
fixed length control field 00331nam a22001337a 4500
020 ## - INTERNATIONAL STANDARD BOOK NUMBER
ISBN 9789380235431
082 ## - DEWEY DECIMAL CLASSIFICATION NUMBER
Classification number 664.02
Item number PAR/FO
100 ## - MAIN ENTRY--AUTHOR NAME
Personal name Pare, Akash
245 ## - TITLE STATEMENT
Title Food process engineering and technology
260 ## - PUBLICATION, DISTRIBUTION, ETC. (IMPRINT)
Place of publication New Delhi
Name of publisher New India Publishing Agency
Year of publication 2011
300 ## - PHYSICAL DESCRIPTION
Number of Pages 560p
700 ## - ADDED ENTRY--PERSONAL NAME
Personal name Mandhyan, B.L
942 ## - ADDED ENTRY ELEMENTS (KOHA)
Koha item type Books
Holdings
Withdrawn status Lost status Damaged status Collection code Home library Current library Shelving location Date acquired Source of acquisition Cost, normal purchase price Full call number Accession Number Koha item type
      Non-fiction KAUAET KAUAET General Stacks 31/03/2012 Southern Book star, Tvm 1150.00 664.02 PAR/FO 23382 Books
      Non-fiction KAUAET KAUAET General Stacks 31/03/2012 International Books & Periodicals Supply Service, Delhi 1150.00 664.02 PAR/FO 23561 Books
      Non-fiction KAUAET KAUAET General Stacks 30/03/2013 Univeral Reserch books, Trichur 1150.00 664.02 PAR/FO 23929 Books
      Non-fiction KAUAET KAUAET General Stacks 15/05/2019     664.02 PAR/FO 25755 Books
free website counter